ARRUPE JESUIT UNIVERSITY

CORONAVIRUS -STOP THE SPREAD - CLEAN,DISINFECT,COVER

Routledge philosophy guidebook to Heidegger and being and time (Record no. 13831)

MARC details
000 -LEADER
fixed length control field 00627nam a2200193Ia 4500
003 - CONTROL NUMBER IDENTIFIER
control field ARRUPE
005 - DATE AND TIME OF LATEST TRANSACTION
control field 20151007104053.0
008 - FIXED-LENGTH DATA ELEMENTS--GENERAL INFORMATION
fixed length control field 130303s9999 xx 000 0 und d
020 ## - INTERNATIONAL STANDARD BOOK NUMBER
International Standard Book Number 0415100925
040 ## - CATALOGING SOURCE
Transcribing agency ARRUPELIB
050 ## - LIBRARY OF CONGRESS CALL NUMBER
Classification number B3279.H48
Item number S46654 1996
300 ## - PHYSICAL DESCRIPTION
Dimensions 21 cm
100 ## - MAIN ENTRY--PERSONAL NAME
Personal name Mulhall, Stephen
9 (RLIN) 20132
245 ## - TITLE STATEMENT
Title Routledge philosophy guidebook to Heidegger and being and time
Statement of responsibility, etc by Mulhall, Stephen
260 ## - PUBLICATION, DISTRIBUTION, ETC. (IMPRINT)
Place of publication, distribution, etc London
Name of publisher, distributor, etc Routledge
Date of publication, distribution, etc 1996
300 ## - PHYSICAL DESCRIPTION
Extent xii, 202 p.;
440 ## - SERIES STATEMENT/ADDED ENTRY--TITLE
Title Routledge philosophy guidebooks
9 (RLIN) 20133
600 ## - SUBJECT ADDED ENTRY--PERSONAL NAME
Personal name Heidegger, Martin
Dates associated with a name 1889-1976
Source of heading or term Sein und Zeit
9 (RLIN) 20134
942 00 - ADDED ENTRY ELEMENTS (KOHA)
Koha issues (borrowed), all copies 5
Source of classification or shelving scheme Library of Congress Classification
Koha item type Monograph ( Printed materials)
Holdings
Withdrawn status Lost status Source of classification or shelving scheme Damaged status Not for loan Collection code Home library Current library Shelving location Date acquired Total Checkouts Full call number Barcode Date last seen Date checked out Copy number Price effective from Koha item type
    Library of Congress Classification     Main Collection ARRUPE LIBRARY ARRUPE LIBRARY   04/03/2013 17 B3279.H48S46654 1996 46003012879 22/11/2024 06/09/2024 1 04/03/2013 Monograph ( Printed materials)
    Library of Congress Classification     Main Collection ARRUPE LIBRARY ARRUPE LIBRARY Main Collection 07/10/2015 8 B3279.H48S46654 1996 46500005547 17/12/2024 09/10/2024   07/10/2015 Monograph ( Printed materials)

 

Arrupe Library. PO Box MP320 Mt Pleasant, Harare, Zimbabwe
263 242 745411|librarian@aju.ac.zw